00633nam a22002057a 450000500170000001000140001702000260003102000230005703500130008003700130009308200110010610000190011724500480013626000440018427000540022830000230028250000360030565000450034165000410038620100730152317.0 aENG-97175 a9788172112783c190.00 a8172112785c190.00 aEN-80708 bDBAD/PUB a628.44 aSurendra Kumar aSolid waste management /cby Surendra Kumar aNew DelhibNorthern Book Centrec(200?) a4221/1, Ansari Road, DaryaganjbNew Delhie110002 ax, 57p.c22cm (Hb) aIncludes bibliography and index aRefuse and refuse disposalzDelhi, India aFactor and Trade WastezDelhi, India